[Event "FRA-ch U12 Girls"]
[Site "Agen"]
[Date "2024.04.15"]
[Round "3"]
[White "Ribreau, Anna"]
[Black "Fernandes, Matilde"]
[Result "1-0"]
[WhiteElo "1648"]
[BlackElo "1527"]
[PlyCount "97"]
[EventDate "2024.04.14"]
[EventType "swiss"]
[EventRounds "9"]
[EventCountry "FRA"]
[SourceTitle "EXT 2025"]
[Source "ChessBase"]
[SourceDate "2024.10.14"]
[SourceVersion "1"]
[SourceVersionDate "2024.10.14"]
[SourceQuality "1"]

1. Nf3 d5 2. c4 Nf6 3. g3 g6 4. Bg2 Bg7 5. 0-0 0-0 6. cxd5 Nxd5 7. Nc3 c6 8. e4 Nb6 9. d4 Bg4 10. e5 Qc7 11. Bf4 e6 12. h3 Bxf3 13. Qxf3 Nd5 14. Nxd5 cxd5 15. Qb3 Nc6 16. Rac1 Qa5 17. Be3 Qb4 18. Qxb4 Nxb4 19. Rc7 b6 20. a3 Na6 21. Rc6 Rac8 22. Rfc1 Rxc6 23. Rxc6 Rd8 24. Bf1 Nb8 25. Rc7 a5 26. Bb5 f6 27. f4 g5 28. Rb7 gxf4 29. gxf4 fxe5 30. fxe5 Bf8 31. Rxb6 Kf7 32. Bg5 Rc8 33. Bd3 Nd7 34. Rb7 Kg8 35. Rxd7 Bg7 36. Rd8+ Rxd8 37. Bxd8 Bh6 38. Kf2 Bc1 39. b4 axb4 40. axb4 Kf8 41. Bxh7 Ke8 42. Ba5 Bd2 43. Ke2 Bc3 44. Kd3 Be1 45. Kc2 Kd7 46. Kb3 Bf2 47. Bb6 Kc6 48. Bc5 Be1 49. Ka4 1-0